Proceedings of an international workshop held at the Forestry Training Centre, Gympie, Qld., Australia, 4-7 August 1986

Bibliographic Details
Corporate Author: AUSTRALIAN acacias in developing countries
Other Authors: Turnbull
Format: Book
Published: Canberra, Australia : Australian Centre for International Agricultural Research , 1986
Series:ACIAR proceedings; n. 16
Subjects:

MARC

LEADER 00000cam a2200000 7i4500
001 0000000204
005 20030415.0
020 0 0 |a 0949511269 
090 0 0 |a 583.7480994   |b AUS 1986 
110 1 0 |a AUSTRALIAN acacias in developing countries   |k 1986   |j Queensland, Australia 
245 1 0 |a Proceedings of an international workshop held at the Forestry Training Centre, Gympie, Qld., Australia, 4-7 August 1986   |c edited by John W. Turnbull 
260 0 0 |a Canberra, Australia :   |b Australian Centre for International Agricultural Research ,   |c 1986 
300 |a 196 p. ;   |c 24 cm. 
440 0 0 |a ACIAR proceedings; n. 16 
650 0 0 |a Acacia   |z Australia 
650 0 0 |a Botany   |z Australia 
700 0 1 |a Turnbull   |h John W. 
998 |a JPSM 
999 |a 0000001025   |b Monograph   |c Open Shelf   |e Default branch 
999 |a 0000003818   |b Monograph   |c Open Shelf   |e Default branch